02331nam a2200241Ia 45000010005000000080041000050100009000460410014000550820014000692450230000832600018003133000007003315200007003386300016003456300027003616300028003886300013004166500018004297000033004477000035004807000033005155201541005484184241029s9999 xx 000 0 und d a3934 aEspañol aNO APLICA 0aLos Valores Socio-Educativos en los y las Estudiantes de la Licenciatura en Educación Mención Orientación, de la Facultad de Ciencias de la Educación de la Universidad Autónoma de Santo Domingo, Primer Semestre 2011 aSanto Domingo a85 a48 aEducación aEducación en Valores aOrientación Educativa aSociedad aOrientación easesora Cabrera, Argentina  eautora Alcántara, Griselda  eautora Guillen , Francisco  aEsta investigación tuvo como objetivo general, determinar los valores, socio-educativos y su puesta en práctica por los y las estudiantes de la Licenciatura en Educación Mención Orientación, de la Facultad de Ciencias de la Educación en la Universidad Autónoma de Santo Domingo (UASD), durante el primer semestre 2011.  La metodología empleada  fue del tipo cuantitativa, descriptiva y explicativa y como método se utilizaron encuestas, cuestionarios, revisión de literatura y análisis de fuentes. La técnica que se usó fue la entrevista, el universo estuvo compuesto  por 129 alumnos de la carrera de Licenciatura en Educación Mención Orientación, de la Facultad de Ciencias de la UASD.  La investigación concluyó, que la metodología democrática asumida en la construcción de valores, está en un nivel aceptable en las y los estudiantes, la cual propicia un ambiente crítico y reflexivo en el análisis científico de los fenómenos de la vida actual, también determinó que las búsquedas de soluciones y toma de decisiones, así como la actitud positiva ante un conflicto presentado, están en un nivel desfavorable, encaminado a una crisis en cuanto a la facilidad de: actuar, razonar, pensar, analizar y expresar libremente sus ideas o pensamientos.   El estudio recomendó orientarse, en la realización de talleres, charlas y reuniones, con el propósito de fortalecer el desarrollo de un ambiente democrático como eje central de nuestra vida cotidiana.